Загальна економіка (Запис № 310767)

МАРК-запис
000 -Лідер
fixed length control field 00673nam a22002417a 4500
003 - Ідентифікатор контрольного номера
control field UA-OsUOA
001 - Контрольний номер
control field 24494
007 - Фіксоване поле фізичного опису
fixed length control field ta
008 - Елементи даних фіксованої довжини – загальна інформація
fixed length control field 20040219b un ||||| |||| 00| 0 ukr d
090 ## - Локальний шифр розміщення
Класифікаційний індекс УДК 330(075)
Авторський знак (НП) З42
040 ## - Джерело каталогізації
Агенція оригінальної каталогізації UA-OsUOA
Мова каталогізації ukr
Агенція, яка здійснювала перезапис UA-OsUOA
Агенція, яка здійснювала модифікацію UA-OsUOA
041 ## - Код мови
Код мови тексту/ звукової доріжки чи окремого заголовка (П) ukr
080 ## - Індекс Універсальної десяткової класифікації
Індекс Універсальної десяткової класифікації (УДК) (НП) 330(075)
020 ## - Міжнародний стандартний книжковий номер (ISBN)
Міжнародний стандартний книжковий номер (ISBN) (НП) 5-7707-1074-8
044 ## - Код країни видавця/ виробника
Код країни видавця/ виробника (П) UA
245 ## - Відомості про назву
Назва (НП) Загальна економіка
Решта назви (НП) підручник для ліцеїв та гімназій
Дані про відповідальність (НП) І. Ф. Радіонової
260 ## - Публікація, розповсюдження і т.п. (Вихідні дані)
Місце публікації, розповсюдження і т.п. (П) Київ
Ім’я/ наймення видавництва, розповсюджувача і т.п. (П) Заповіт
Дата публікації, розповсюдження і т.п. (П) 1995
300 ## - Фізичний опис
Обсяг 370 с.
650 #7 - Додаткове предметне введення – тематичний термін
Тематичний термін чи географічна назва, як елемент введення (НП) 330 Економіка взагалі
Джерело заголовка чи терміна UDC
942 ## - Додаткові елементи входу (Коха)
Тип елемента Koha Книги
955 ## - Код типу видання за змістом
Код типу видання за змістом (НП) Навчальні видання
Фонди
Стан вилучень Стан втрат Джерело класифікації або схеми стелажів Стан уражень Не для кредиту Постійне місце розташування Поточне розміщення Дата придбання Інвентарний номер Усього замовленно Повний номер виклику Штрих-код Дата останнього перегляду Ціна ефективна від Тип елемента Koha Вартість, звичайна ціна покупки
    Universal Decimal Classification     АБ - Абонемент НБ АБ - Абонемент НБ 27/08/2012 32733   330(075) З42 32733 02/12/2021 19/02/2004 Книги  
    Universal Decimal Classification     АБ - Абонемент НБ АБ - Абонемент НБ 27/08/2012 32736   330(075) З42 32736 02/12/2021 19/02/2004 Книги  
Withdrawn   Universal Decimal Classification     ЧЗ - Читальна зала ЧЗ - Читальна зала 20/02/2004 64978   330(075) З42 64978 13/07/2019 19/02/2004 Книги 13.80
    Universal Decimal Classification     ЧЗ - Читальна зала ЧЗ - Читальна зала 20/02/2004 64979   330(075) З42 64979 06/02/2022 19/02/2004 Книги 13.80
    Universal Decimal Classification     ЧЗ - Читальна зала ЧЗ - Читальна зала 19/02/2004 64980   330(075) З42 64980 06/02/2022 19/02/2004 Книги 13.80
    Universal Decimal Classification     ЧЗ - Читальна зала ЧЗ - Читальна зала 20/02/2004 64981   330(075) З42 64981 07/02/2022 19/02/2004 Книги 13.80
    Universal Decimal Classification     ЧЗ - Читальна зала ЧЗ - Читальна зала 11/03/2004 93051   330(075) З42 93051 07/02/2022 19/02/2004 Книги 10.00